000 00565nam a22002417a 4500
003 UA-OsUOA
001 20715
007 ta
008 20031103b un ||||| |||| 00| 0 ukr d
100 _aТиле Рюдигер
090 _a59:929
_bТ40
942 _cBK
040 _aUA-OsUOA
_brus
_cUA-OsUOA
_dUA-OsUOA
245 _aЛеонард Эйлер
300 _a192 с.
_bІлюстрації
955 _a0
041 _arus
080 _a59:929
260 _aКиев
_bВища школа
_c1983
044 _aRU
650 7 _2UDC
999 _c306896
_d306896